000 00693nam a22001937a 4500
999 _c180440
_d180440
005 20220218145528.0
010 _aENG-129701
020 _c795.00
_a9788194971221
035 _aEN-113233
037 _bDBAD/PUB
082 _a333.7095451
100 _aMishra, Anil Kumar
245 _aCommunity Institutions & Natural Resource Governance in the Uttarakhand Himalaya/
_cAnil Kumar Mishra
250 _a2021
260 _aNew Delhi
_bD.P.S Publishing House
_c2020
270 _a4598/12B,Gola Cottage, Ansari Road, Darya Ganj
_bNew Delhi
_e110002
_k011-43586184
_mdpspublishinghouse@gmail.com
300 _a168 p.
_c24cm(pbk)
_bRefernces
942 _2ddc
_cEN
_h333.7095451
_kMIS